| 000 | 00818cab a2200217 4500 | ||
|---|---|---|---|
| 001 | ABS38842 | ||
| 008 | 090401t1988 xxu||||| |||| 00| 0 eng d | ||
| 035 | _a(Sirsi) u12703 | ||
| 041 | _aeng | ||
| 245 | _aCentrefolio : Guildford , Woking , Weybridge and roundup | ||
| 260 | _c1988 | ||
| 350 | _a0 | ||
| 490 |
_aChartered Surveyor Weekly _v22(7) 18 February 1988, 30-53(7) |
||
| 520 | _aReports on commercial development in these Surrey towns, concentrating on the provision for office and high tech space. The roundup includes a brief review of activity in Chertsey , Esher and Sunbury . Details of rents are noted. | ||
| 650 | _aINDUSTRIAL RENTS | ||
| 650 | _aOFFICE RENTS | ||
| 650 | _aSHOP RENTS | ||
| 690 | _aPROPERTY-COMMERCIAL PROPERTY-COMMERCIAL PROPERTY MARKET | ||
| 942 | _n0 | ||
| 948 | _c04/03/1997 | ||
| 999 |
_c8130 _d8130 |
||